Top 10 mejores países en la FIFA por año - Estadísticas

Estadísticas generales
  • Esta prueba ha sido intentada 30.273 veces
    21.559 desde el último reinicio
  • La puntuación promedio es 16 de 19
Estadísticas de respuestas
# Años Equipo % Correcto
9 Argentina
99%
10 España
99%
10 Francia
99%
10 Brasil
98%
5 Alemania
97%
5 Italia
96%
8 Inglaterra
93%
10 Portugal
92%
10 Bélgica
90%
5 Países Bajos
90%
4 Uruguay
88%
2 Colombia
86%
2 México
83%
2 Chile
82%
3 Croacia
82%
2 Suiza
69%
1 Polonia
66%
2 Dinamarca
57%
1 Marruecos
49%
No se encontraron pruebas coincidentes
Distribución de puntuación
Porcentaje de gente con cada puntuación
Porcentaje por número respondido
Historial de tus puntuaciones
No has intentado esta prueba desde el último reinicio